000
00278nam a2200121Ia 4500
008
140130s9999 xx 000 0 und d
245
_c
Lionni, Leo
_a
Fish is fish
260
_b
Scholastic,
_c
1970
440
_v
1
521
_a
Grade 3 - Grade 4
942
_c
BK
999
_c
40981
_d
40981